000 01023cam a2200301 4500
008 000000n2000 000 0 eng u
020 _a0105569704
035 _a(Sirsi) u109061
050 _a636.2
110 _aUnited Kingdom
_bParliament
_bHouse of Commons
_92119
245 _aBSE inquiry. Volume 1 : Findings and conclusions.
260 _aLondon
_bStationery Office
_c2000
300 _axxxii, 308p. ; 30cm.
350 _a29.50
490 _aHCP
_v887-I
650 _aBSE
650 _aFARMING
650 _aCD-ROM
650 _aCATTLE
650 _aPHILIPS REPORT
650 _aPROPERTY-RURAL AND NATURAL ASSETS-AGRICULTURAL PROPERTY-LIVESTOCK
650 _aAGRICULTURE
650 _aCJD
690 _aRural
_96268
700 _aPhillips of Worth Matravers, Nicholas Addison Phillips
_cBaron
_d1938-
856 4 0 _uhttps://collections.europarchive.org/tna/20090505194948/http:/bseinquiry.gov.uk/report/index.htm
_zView the full BSE Inquiry Report at www.collections.europarchive.org
942 _n0
999 _c100877
_d100877